000 00429nam a22001817a 4500
003 OSt
008 230104b ||||| |||| 00| 0 eng d
020 _a9789389811940
082 _a658.45 JAE
100 _aJAIN,Neera
245 _aEffective Business Communication
250 _a2nd
260 _aNew Delhi
_bTMH
_c2020
300 _a442
650 _aBusiness Communication
700 _aMUKHERJI,Shoma
942 _2ddc
_cREF
999 _c11655
_d11655